Quizzes
Events
Quiz Creation
Community
Videos
Private Events
Remove Ads
Sign In
Join for FREE
Feedback
Dark Mode
Quiz Categories
Sports
Geography
Music
Movies
Television
Just For Fun
Miscellaneous
History
Literature
Language
Science
Gaming
Entertainment
Religion
Holiday
For Kids
Quiz Lab
Recent
Popular Today
Quiz Kudos Today
Editor Picks
Curator Picks
Quizzes by...
Day
Popularity
Type
Ratings
Length
Year
Community
Subscriptions
Recent Discussions
Orange Saloon
Badges
Playlists
Quests
Create
Leaderboards
Showdown
Live 5
Trivia Bingo
Activity
Puzzle Library
Sporcle Events
Private Events
Virtual Trivia
Globe League
Become a Host
Pub Owners
SporcleCon
Opinionation
Our Games
Videos
Blog
Mobile Apps
Partnerships
Remove Ads and Go Orange
Feedback
Sports
Athletes
MLB
NBA
NHL
NFL
Soccer
Sports Teams
WWE
NCAA
Football
Premier League
Basketball
Baseball
Hockey
Golf
Tennis
Cricket
Rugby
Auto Racing
Olympics
World Cup
Sports
Athletes
MLB
NBA
NHL
NFL
Soccer
Sports Teams
WWE
NCAA
Football
Premier League
Basketball
Baseball
Hockey
Golf
Tennis
Cricket
Rugby
Auto Racing
Olympics
World Cup
Random Quiz
Search Sporcle
×
Quiz Lab
Quiz Lab
Sports
Baseball
Type in answers that appear in a list
Type in answers that appear in a list
Classic
Best Score? Go Orange.
100 RBI - Detroit Tigers Stats
Can you name the Detroit Tigers who've had 100 RBI in a season since 1900?
By
br_tremblay
10m
41 Questions
1,281 Plays
1,281 Plays
1,281 Plays
Comments
Comments
Give Quiz Kudos
Give Quiz Kudos
-
- Ratings
hide this ad
More Info
Replay
Link that replays current quiz
Next Quiz
Link to next quiz in quiz playlist
You Got
0%
They Got
Avg Score
54%
Avg Friend Score
Upgrade to see
Score Distribution
Jump to the score distribution portion of the page
Score
0/41
Timer
10:00
0
Plays Today
Year (Last Time)
Player
% Correct
2016
Miguel Cabrera
98.5%
1963
Al Kaline
91.1%
1925
Ty Cobb
90.4%
1946
Hank Greenberg
89.9%
1993
Cecil Fielder
89.4%
2013
Prince Fielder
88.8%
1987
Alan Trammell
88.2%
2008
Magglio Ordonez
85.8%
1961
Norm Cash
82.9%
2014
Victor Martinez
80.6%
2015
J.D. Martinez
80.6%
1938
Charlie Gehringer
79.5%
1983
Lance Parrish
79.1%
1966
Willie Horton
73%
1962
Rocky Colavito
68.6%
1929
Harry Heilmann
68.5%
2000
Bobby Higginson
66.5%
1915
Sam Crawford
64.5%
1993
Mickey Tettleton
63.8%
1998
Tony Clark
62.4%
1977
Jason Thompson
58.8%
Year (Last Time)
Player
% Correct
1943
Rudy York
56.8%
1997
Travis Fryman
55.7%
1950
George Kell
53%
2000
Dean Palmer
51.4%
2007
Carlos Guillen
51.1%
2017
Nicholas Castellanos
51%
1978
Rusty Staub
50%
1980
Steve Kemp
49.3%
1998
Damion Easley
41%
1922
Bobby Veach
36.3%
1936
Goose Goslin
36.2%
1950
Vic Wertz
34.9%
1955
Ray Boone
29.4%
1930
Dale Alexander
23.6%
1936
Al Simmons
20.4%
1934
Billy Rogell
18.3%
1937
Gee Walker
15.4%
1950
Hoot Evers
14.4%
1927
Bob Fothergill
10.6%
1932
John Stone
4.9%
Quiz Playlist
Details
Report
Send in Message
Add To Playlist
More Info:
Players only appear once
Classic:
Type in answers that appear in a list
Last Updated: Apr 26, 2018
Quiz Scoreboard
CHALLENGE
Sign Up to Join the Scoreboard
Show All
Scores
Hide
Comments
May contain spoilers
Recently Published
Billboard Blitz: Fleetwood Mac
by CooCooCachoo
Music
15s
Presidents Visiting Landmarks
by Hejman
History
7m
An Introduction to Baseball
by treessimontrees
Sports
5m
More to Explore
Quiz From the Vault
Featured Blog Post
Where Did the Easter Bunny Come From?
hide this ad
You Might Also Like...
Tags
Baseball Quiz
MLB Quiz
100
detroit
Detroit Tigers
last
Player
rbi
season
Tiger
Today's Top Quizzes in Sports
Browse Sports
hide this ad
Today's Top Quizzes in Baseball
Browse Baseball
Top Contributed Quizzes in Sports
1
Les meilleurs buteurs des matchs entre le PSG et l’OM
2
2022 World Cup Stars
3
FIFA Club World Cup Champions
4
Les entraîneurs de l'OM et du PSG au 21e siècle
5
Criteria MLB: Left Handed Sluggers
6
AFC Teams Reveal (Wrong Answers Minefield)
7
5-to-1: UK Sports Teams
8
Name the Premier League winners with different clubs
9
5-to-1: FBS Animal Nicknames
10
Players with Multiple 50 Home Run Seasons
Explore More
Trending Topics
Crossword
Disney
Anime
NBA
Harry Potter
Kpop
Marvel
The Office
NFL
Pokémon
Country
Song
WWE
Puzzle
Soccer
hide this ad
More By:
br_tremblay
Quiz
Plays
Rating
Category
Featured
Created
100 RBI - New York Yankees
6,807
4.37
Sports
Aug 9, 2011
30 Home Runs (Last 10 By Team)
5,624
4.31
Sports
Nov 25, 2011
20+ Home Run Hitters - Boston
3,952
4.06
Sports
Aug 16, 2010
Last 300 30 Home Run Hitters
3,169
3.78
Sports
Jan 6, 2011
20+ Home Run Hitters - Chicago (A)
2,792
3.92
Sports
Sep 3, 2010
Go to Creator's Profile
Score Distribution
Quiz Creator Spotlight
br_tremblay
Follow
Send a Message
Quizzes Created
-
Created Quiz Play Count
-
More By This Creator
Popular Quizzes Today
1
Find the US States - No Outlines Minefield
2
Find the Countries of Europe - No Outlines Minefield
3
The Countries of the World
4
Find the US States
5
Risky Map Clicking: Biggest States A-Z
6
US States
7
Popular People in 1961
8
Movies - When Are They Set?
More Sports Quizzes
Brooklyn Nets Crossword
Quiz Lab
Trending Quizzes
Risky Map Clicking: Least Populous States A-Z
1-10 Letter G Words
1-10 Letter F Words
Risky Map Clicking: Next State Alphabetically
Risky Map Clicking: Biggest States A-Z
Recently Updated
Leaping Animals
pecheneg
Reality TV Shows (A-Z)
bhenderson79
Rickey Henderson's Hall of Fame Teammates
pecheneg
Champions League XIs: Arsenal
pecheneg
Quick Pick: Celebrities in WWE's Hall of Fame
aduchscher
A-Z Keypad Blitz II
pecheneg
Multiple Oscar Actors
pecheneg
Mystery Phrase Blitz: Oscar 'Best Actors'
pecheneg
F. Scott Fitzgerald Novels
LTH
Pick 3 Villains
ddd62291
Trending Topics
Harry Potter
Crossword
Marvel
Kpop
NBA
Disney
Anime
Song
Puzzle
The Office
Pokémon
WWE
NFL
Soccer
Country
Your Account Isn't Verified!
In order to create a playlist on Sporcle, you need to verify the email address you used during registration. Go to your
Sporcle Settings
to finish the process.
Report this User
Report this user for behavior that violates our
Community Guidelines
.
Details:
Send Report
Go to the Sporcle.com Mobile Site →
Comments